LEADER 01498nam a2200289 u 4500 001 000000118821 003 CaOOAMICUS 005 20091216135036.0 008 091216t2008 gw c u000 u ger r 020 $a978-3-525-53087-0 040 $aPUL$bita$dReb 100 1 $aVeijola, Timo,$d1947-2005.$0(OLS)http://pul/name/74249 245 10$aLeben nach der Weisung :$bexegetisch-historische Studien zum Alten Testament /$cTimo Veijola ; hrsg. von Walter Dietrich in Zusammenarbeit mit Marko Marttila. 260 $aGöttingen :$bVandenhoeck & Ruprecht,$cİ2008. 300 $a192 p. :$britr. ;$c24 cm 490 1 $aForschungen zur Religion und Literatur des Alten und Neuen Testaments ;$v224 504 $aBibliografia p. [165]-175. 630 04$aBiblia.$pV.T.$xStudio.$0(OLS)http://pul/subject/1419 700 1 $aMarttila, Marko.$0(OLS)http://pul/name/74251 700 1 $aDietrich, Walter,$d1944-$0(OLS)http://pul/name/25813 830 0$aForschungen zur Religion und Literatur des Alten und Neuen Testaments ;$v224.$0(OLS)http://pul/title/15482 850 $aPUL 852 $aPUL$W1$xSL Religione 1$y3$m10(5) A 224$j136378$qStampati$B135343$CPULBib$Z2$F135343 $H112166 $82 941 1 $a8 996 $6020$a978-3-525-53087-0$9(OLS)http://pul/number/142813 996 $6245$aLeben nach der Weisung :$bexegetisch-historische Studien zum Alten Testament$9(OLS)http://pul/title/149560 996 $6260$aGöttingen :$bVandenhoeck & Ruprecht$9(OLS)http://pul/publisher/47973 LEADER 01890namaa2200397 i 4500 001 000000177606 003 CaOOAMICUS 005 20250314174601.0 007 tu 008 250314s2024 it 000 u ita r 020 $z978-88-308-1908-5* 040 $aPUL$bita$erda 082 0 $a271.302 245 00$aBeati Francisci scriptores :$bun'introduzione alla storiografia su san Francesco dal XIV secolo ad oggi /$cM. Bartoli [e altri quattro] ; introduzione e cura Pietro Maranesi. 250 $aPrima edizione gennaio 2024. 264 4$cİ2024. 264 1$aAssisi :$bCittadella,$c[2024] 300 $a183 pagine ;$c21 cm 336 $atesto$btxt$2rdacontent 337 $asenza mediazione$bn$2rdamedia 338 $avolume$bnc$2rdacarrier 490 1 $aConvivium Assisiense. Itinera franciscana ;$v19 504 $aBibliografia alla fine dei contributi e indice. 600 04$aFranciscus Assisiensis,$cs.,$d1182-1226$xFonti.$0(OLS)http://pul/subject/16008 700 1 $aMaranesi, Pietro,$cO.F.M. Cap.,$d1960-,$eautore di introduzione,$ecuratore.$0(OLS)http://pul/name/22267 700 1 $aBartoli, Marco,$d1954-,$eautore.$0(OLS)http://pul/name/23410 830 0$aConvivium assisiense.$pItinera franciscana ;$v19.$0(OLS)http://pul/title/157093 850 $aPUL 852 $aPUL$W1$xSL Religione 3$y85$m271. 302 BARMA 1$j201559$qDDC 21$B206581$CPULBib$Z2$F206581 $H137691 $82 941 1 $a9 996 $6020$z978-88-308-1908-5*$9(OLS)http://pul/number/170261 996 $6082$a271.302$9(OLS)http://pul/classification/2357 996 $6245$aBeati Francisci scriptores :$bun'introduzione alla storiografia su san Francesco dal XIV secolo ad oggi$9(OLS)http://pul/title/219148 996 $6264$aAssisi :$bCittadella$9(OLS)http://pul/publisher/49668 996 $6264$a[S.l.] :$b[s.n.]$9(OLS)http://pul/publisher/0